000 00542nmm a2200157Ia 4500
008 251105s9999||||xx |||||||||||||||||und||
020 _a9789587199703
041 _aspa
100 _aFajardo Valenzuela, Diógenes
245 0 _aLa fiesta del nacimiento de los nuevos sentidos: Ensayos sobre narrativa latinoamericana
264 _a[Bogotá, Colombia] :
_bUniversidad Nacional de Colombia,
_c2011
300 _a285 páginas
650 _aLatin American literature
856 _uhttps://public.digitaliapublishing.com/a/62152
942 _cCF
999 _c95633
_d95633